| 000 | 00761 a2200241 4500 | ||
|---|---|---|---|
| 003 | OSt | ||
| 005 | 20230904105058.0 | ||
| 007 | ta | ||
| 008 | 230218s2018 mx a||||r|||| 001 0 spa d | ||
| 020 | _a9786075380735 | ||
| 040 | _cCHAP | ||
| 082 | 0 | 0 |
_222 _a153.9 _bR16 |
| 100 | 1 |
_9187871 _aRalero, Fernando |
|
| 245 | 1 | 0 |
_aRadical Mente : _bestrategias de la mente para los negocios y la vida / _cpor Fernando Ralero. |
| 264 | 1 |
_aCiudad de México : _bAlfaomega, _c2018. |
|
| 300 | _axii, 178 paginas. | ||
| 490 | 1 | _aInterés general. | |
| 504 | _aIncluye índice analítico. | ||
| 650 | 4 |
_9187872 _aDisciplina mental |
|
| 650 | 4 |
_9157274 _aAptitud creadora en los negocios |
|
| 830 | 0 |
_9187870 _aInterés general. _pTemas de actualidad. |
|
| 942 |
_cLibro _2ddc |
||
| 999 |
_c218401 _d218401 |
||